Sports Quiz

Random Sports Quiz

Name 5 Dublin players going for 7-in-a-row Quiz Stats

Quiz not verified by Sporcle

Also try: NBA 50 Greatest
Challenge
Share
Tweet
Embed
Score 0/5 Timer 01:30
0 Plays Today
Hint Answer % Correct
???
86%
???
84.6%
???
38.3%
???
20.6%
???
9.2%

You're not logged in!

Compare scores with friends on all Sporcle quizzes.
Sign Up with Email
OR
Log In

You Might Also Like...

Show Comments

Extras

Top Quizzes Today


Score Distribution

Your Account Isn't Verified!

In order to create a playlist on Sporcle, you need to verify the email address you used during registration. Go to your Sporcle Settings to finish the process.